000 00696nam a2200205Ii 4500
003 JO-AjNU
008 230605s9999||||xx |||||||||||||| ||und||
040 _aJO-AjNU
_bara
_erda
_cJO-AjNU
041 _aara
050 1 4 _aJF1358.WZ
100 3 _aوالدو ، دوايت / الشريف عبود ، مترجم / كمال دسوقى ، مشرف ,
_eauthor
_916498
245 0 0 _aدراسة الإدارة العامة
250 _a(د،ط)
264 3 1 _aدار الفكر العربي ، 1965
300 _a187ص
336 _atext
_btxt
_2rdacontent
337 _aunmediated
_bn
_2rdamedia
338 _avolume
_bnc
_2rdacarrier
650 4 _aادارة -- مؤسسات اجتماعية
_916499
999 _aA4905
_c8473
_d8473